| 000 | 00623nam a2200193Ia 4500 | ||
|---|---|---|---|
| 003 | GCL | ||
| 008 | 140319s9999 xx 000 0 ara d | ||
| 040 |
_aGCL / _cGCL |
||
| 082 | 0 | 4 |
_a859 _bا ا |
| 100 | 1 | _aاحمد عتمان | |
| 245 | 1 | 0 |
_aالادب الاغريقى : تراثا انسانيا وعالميا / _cاحمد عتمان |
| 250 | _aالثالثة | ||
| 260 |
_aالقاهرة : _bدار المعارف ، _c1987 |
||
| 300 |
_a549 ص ؛ _c24 سم |
||
| 490 |
_aالهيئة العامة للاستعلامات _v0 |
||
| 650 | 0 | 4 | _aالادب |
| 650 | 0 | 4 | _aالادب الاغريقى |
| 942 |
_2ddc _cBK |
||
| 999 |
_c48875 _d48875 |
||